| 000 | 00907nam a2200277 i 4500 | ||
|---|---|---|---|
| 001 | 183942 | ||
| 003 | ES-MaACL | ||
| 005 | 20260124063016.0 | ||
| 008 | 141205s1972 sp h |||| | spa d | ||
| 080 | _a296(091) | ||
| 080 | _a9(=924:46) | ||
| 100 | 1 |
_aIbn Daud, Abraham ben David, _cHalevi _965008 |
|
| 245 | 1 | 0 |
_aSefer Ha-Kabbalah _b: (Libro de la Tradición) / _cAbraham ben David ; traducción por Jaime Bages. |
| 250 | _aReprod. facsímil. | ||
| 260 |
_aValencia : _bAnubar, _c1972. |
||
| 300 |
_a96 p. ; _c22 cm. |
||
| 490 | 1 |
_aTextos medievales ; _v31 |
|
| 500 | _aÍndices. | ||
| 504 | _aBibliografía: p. [76] | ||
| 650 | 7 |
_aJudaísmo- _xHistoria. _913968 |
|
| 650 | 7 |
_aJudíos- _zEspaña- _xHistoria. _913985 |
|
| 700 | 1 |
_aBages Tarrida, Jaime. _924634 |
|
| 830 | 0 |
_aTextos medievales ; _v31 _9179970 |
|
| 852 |
_aES-MaACL _jE-15444 _z- Enc. tela |
||
| 999 |
_c183942 _d183942 |
||